Properties, evaluation, and control of engineering materials / (Record no. 7250)

MARC details
000 -LEADER
fixed length control field 00608nac a22001811u 4500
010 ## - LIBRARY OF CONGRESS CONTROL NUMBER
LC control number 78025640
082 00 - DEWEY DECIMAL CLASSIFICATION NUMBER
Classification number 620.11
Item number COR
090 ## - LOCALLY ASSIGNED LC-TYPE CALL NUMBER (OCLC); LOCAL CALL NUMBER (OCLC)
-- 7250
-- 7250
100 ## - MAIN ENTRY--PERSONAL NAME
Personal name Cordon, William A.
245 10 - TITLE STATEMENT
Title Properties, evaluation, and control of engineering materials /
Statement of responsibility, etc William A. Cordon.
260 ## - PUBLICATION, DISTRIBUTION, ETC. (IMPRINT)
Place of publication, distribution, etc New York :
Name of publisher, distributor, etc McGraw-Hill,1979
Date of publication, distribution, etc c1979.
300 ## - PHYSICAL DESCRIPTION
Extent xvi, 368 p. :
Other physical details ill. ;
Dimensions 25 cm.
500 ## - GENERAL NOTE
General note distributer: Al-Ahram
504 ## - BIBLIOGRAPHY, ETC. NOTE
Bibliography, etc Includes bibliographical references and index.
511 ## - PARTICIPANT OR PERFORMER NOTE
Participant or performer note catalogued by: wessam
650 #0 - SUBJECT ADDED ENTRY--TOPICAL TERM
Topical term or geographic name as entry element Materials.
942 ## - ADDED ENTRY ELEMENTS (KOHA)
Item type Book - Borrowing
Call number prefix 620.11COR
Holdings
Withdrawn status Item status Damaged status Not for loan Home library Current library Shelving location Date acquired Source of acquisition Total Checkouts Full call number Barcode Date last seen Koha item type
        Central Library Central Library First floor 08/01/2016 Purchase   620.11COR 000008781 15/07/2025 Book - Borrowing